FOOTBALL - Compos LDC PSG vs Barça (6-1) - Statistiques

Statistiques générales
  • Ce quiz a été pris 149 fois
  • Le résultat moyen est 20 sur 30
Statistiques - réponses
Équipe Poste Nom % Correct
PSG Buteur Edinson Cavani
95%
Barça Ailier gauche Neymar Jr
94%
Barça Ailier droit Lionel Messi
93%
Barça Buteur Luis Suárez
89%
PSG Défenseur central Marquinhos
88%
PSG Défenseur central Thiago Silva
87%
Barça Gardien de but Marc-André ter Stegen
86%
Barça Milieu central Andrés Iniesta
84%
PSG Milieu central Marco Verratti
83%
Barça Défenseur central Gerard Piqué
82%
PSG Gardien de but Kévin Trapp
81%
Barça Milieu défensif central Sergio Busquets
81%
Barça COACH Luis Enrique
79%
PSG Remplaçant (Attaquant) Ángel Di María
78%
PSG Latéral gauche Layvin Kurzawa
75%
Barça Remplaçant (Défenseur) Sergi Roberto
75%
PSG Milieu central Blaise Matuidi
71%
PSG COACH Unai Emery
70%
Barça Milieu central Ivan Rakitić
65%
PSG Ailier gauche Julian Draxler
61%
PSG Latéral droit Thomas Meunier
57%
PSG Milieu défensif central Adrien Rabiot
49%
Barça Défenseur central Javier Mascherano
47%
Barça Latéral gauche Samuel Umtiti
42%
PSG Ailier droit Lucas Moura
41%
PSG Remplaçant (Défenseur) Serge Aurier
35%
Barça Latéral droit Rafinha
26%
Barça Remplaçant (Milieu) André Gomes
16%
Barça Remplaçant (Milieu) Arda Turan
13%
PSG Remplaçant (Milieu) Grzegorz Krychowiak
12%
Aucun quiz correspondant
Distribution des résultats
% des personnes avec chaque résultat
Percentile par nombre de réponses
Votre historique - résultats
Vous n’avez pas pris ce quiz